000 00761nam a2200241Ia 4500
003 OSt
005 20220930065627.0
006 a|||||r|||| 00| 0
007 ta
008 220926b |||||||| |||| 00| 0 eng d
024 _a5881
037 _cTheses
040 _aCRL
_cCRL
_beng
041 _2eng
_aeng
100 _aMd. Abul Basher Mian
_9526136
110 _aUniversity of Delhi. Faculty of Mathematical Sciences. Department of Statistics
_9519382
245 0 _aLife testing approach to manpower planning and related models
260 _c1988
650 _aPROBABILITIES
700 _aUniversity of Delhi. Faculty of Mathematical Sciences. Department of Statistics
_9519387
942 _cDIS
_2CC
999 _c859810
_d859810